#Taiwan All stations in New Taipei metro MRT/LRT - Statistics

General Stats
  • This quiz has been taken 12 times
  • The average score is 36 of 37
Answer Stats
Hint Answer % Correct
Y16 Banqiao Transfer station to Taipei Metro Blue line and Taiwan railway and HSR
100%
Y15 Banxin
100%
V09 Binhai-Shalun
100%
V08 Binhai-Yishan
100%
V10 Danhai New Town
100%
V05 Danjin-Beixin(Beitouzi)
100%
V03 Danjin-Denggong
100%
Y07 Dapinglin Transfer station to Taipei Metro Green line
100%
V02 Ganzhenlin
100%
V01 Hongshulin Transfer station to Taipei Metro Red line
100%
Y11 Jing'an Transfer station to Taipei Metro Blue line
100%
Y10 Jingping
100%
V11 Kanding
100%
Y20 New Taipei Industrial Park Transfer station to Taoyuan Metro
100%
Y13 Qiaohe
100%
Y08 Shisizhang Transfer station to Ankeng LRT
100%
K09 Shisizhang Transfer station to circular line
100%
V04 Tamkang University
100%
V07 Tamsui District Office
100%
Y18 Touqianzhuang Transfer station to Taipei Metro Blue line
100%
Y19 Xingfu
100%
Y17 Xinpu-Minsheng Transfer station to Taipei Metro Blue line
100%
V06 Xinshi 1st Road
100%
Y09 Xiulang Bridge
100%
Y12 Zhonghe
100%
Y14 Zhongyuan
100%
K06 Ankang
90%
K05 Jingwen University of Science and Technology
90%
K02 Rose China Town
90%
V27 Shalun
90%
K01 Shuangcheng
90%
K07 Sunshine Sports Park
90%
V28 Taipei University of Marine Technology
90%
K03 Taipei Xiaocheng
90%
V26 Tamsui Fisherman's Wharf
90%
K08 Xinhe elementary school
90%
K04 Cardinal Tien Hospital Ankang Branch
70%
No matching quizzes found
Score Distribution
Percent of People with Each Score
Percentile by Number Answered
Your Score History
You have not taken this quiz